Phase Transitions of Simple Systems

This monograph develops a unified microscopic basis for phases and phase changes of bulk matter and small systems in terms of classical physics. The origins of such phase changes are derived from simple but physically relevant models of how transitions between rigid crystalline, glassy and fluid sta...

Full description

Bibliographic Details
Main Authors: Berry, Stephen (Author), Smirnov, Boris (Author)
Corporate Author: SpringerLink (Online service)
Format: Electronic eBook
Language:English
Published: Berlin, Heidelberg : Springer Berlin Heidelberg, 2008.
Series:Springer Series on Atomic, Optical, and Plasma Physics, 42
Subjects:
Online Access:Full Text via HEAL-Link
LEADER 03316nam a22006135i 4500
001 978-3-540-71514-6
003 DE-He213
005 20151204191323.0
007 cr nn 008mamaa
008 100301s2008 gw | s |||| 0|eng d
020 |a 9783540715146  |9 978-3-540-71514-6 
024 7 |a 10.1007/978-3-540-71514-6  |2 doi 
040 |d GrThAP 
050 4 |a TJ265 
050 4 |a QC319.8-338.5 
072 7 |a TGMB  |2 bicssc 
072 7 |a SCI065000  |2 bisacsh 
082 0 4 |a 621.4021  |2 23 
100 1 |a Berry, Stephen.  |e author. 
245 1 0 |a Phase Transitions of Simple Systems  |h [electronic resource] /  |c by Stephen Berry, Boris Smirnov. 
264 1 |a Berlin, Heidelberg :  |b Springer Berlin Heidelberg,  |c 2008. 
300 |a X, 247 p. 81 illus.  |b online resource. 
336 |a text  |b txt  |2 rdacontent 
337 |a computer  |b c  |2 rdamedia 
338 |a online resource  |b cr  |2 rdacarrier 
347 |a text file  |b PDF  |2 rda 
490 1 |a Springer Series on Atomic, Optical, and Plasma Physics,  |x 1615-5653 ;  |v 42 
505 0 |a Thermodynamics of Ensembles of Classical Particles -- Excitations in Simple Atomic Ensembles -- Structures of Ensembles of Interacting Particles -- Thermodynamics of Dense Gases and Liquids -- Clusters with Short-Range Interaction -- Ensembles of Classical Particles with Repulsion -- Configurational Excitations and Aggregate States of Ensembles of Classical Particles -- Configurational Excitation and Voids in Ensembles of Bound Classical Atoms -- Configurational Cluster Excitation with Pairwise Interactions -- Phase Transitions in Macroscopic Systems of Atoms -- Melting of Clusters and Bulk Atomic Ensembles -- Dynamics of Configurational Excitations in Ensembles of Classical Particles -- Coexistence of Cluster Phases -- Glassy States of an Ensemble of Bound Atoms -- Transport of Voids in Nucleation Processes -- Conclusion and Summary. 
520 |a This monograph develops a unified microscopic basis for phases and phase changes of bulk matter and small systems in terms of classical physics. The origins of such phase changes are derived from simple but physically relevant models of how transitions between rigid crystalline, glassy and fluid states occur, how phase equilibria arise, and how bulk properties evolve from those of small systems. 
650 0 |a Engineering. 
650 0 |a Physical chemistry. 
650 0 |a Fluids. 
650 0 |a Thermodynamics. 
650 0 |a Atoms. 
650 0 |a Physics. 
650 0 |a Matter. 
650 0 |a Heat engineering. 
650 0 |a Heat transfer. 
650 0 |a Mass transfer. 
650 1 4 |a Engineering. 
650 2 4 |a Engineering Thermodynamics, Heat and Mass Transfer. 
650 2 4 |a Atoms and Molecules in Strong Fields, Laser Matter Interaction. 
650 2 4 |a Thermodynamics. 
650 2 4 |a Fluid- and Aerodynamics. 
650 2 4 |a Atomic, Molecular, Optical and Plasma Physics. 
650 2 4 |a Physical Chemistry. 
700 1 |a Smirnov, Boris.  |e author. 
710 2 |a SpringerLink (Online service) 
773 0 |t Springer eBooks 
776 0 8 |i Printed edition:  |z 9783540715139 
830 0 |a Springer Series on Atomic, Optical, and Plasma Physics,  |x 1615-5653 ;  |v 42 
856 4 0 |u http://dx.doi.org/10.1007/978-3-540-71514-6  |z Full Text via HEAL-Link 
912 |a ZDB-2-PHA 
950 |a Physics and Astronomy (Springer-11651)